Visualizzazione normale
Vista MARC
- Gorny Z.
di Personal Name
Records bibliografici associati: 1
001 - CONTROL NUMBER
- control field: 25055
003 - CONTROL NUMBER IDENTIFIER
- control field: IT-RoPau
005 - DATE AND TIME OF LATEST TRANSACTION
- control field: 20140514173310.0
008 - FIXED-LENGTH DATA ELEMENTS
- fixed length control field: 140514|| aca||aabn | a|a d
040 ## - CATALOGING SOURCE
- Original cataloging agency: IT-RoPau
- Transcribing agency: IT-RoPau
100 ## - HEADING--PERSONAL NAME
- Personal name: Gorny Z.
- Dates associated with a name: Codice autore musica SPICS: 25408
- Relator term: Autore musica
- Name of part/section of a work: W Drodze Do Fontainebleau
670 ## - SOURCE DATA FOUND
- Source citation: Work cat.: (IT-RoPau)99593: AA.VV. 794, Maly Szu (Lp Sx 2507)